[Event "Nezhmetdinov Memorial 38th"]
[Site "Kazan"]
[Date "2016.06.03"]
[Round "4"]
[White "Voinikonis, Nikita"]
[Black "Gismatullin, Sayar"]
[Result "1-0"]
[WhiteElo "2168"]
[BlackElo "1875"]
[PlyCount "75"]
[EventDate "2016.05.31"]
[EventType "swiss"]
[EventRounds "9"]
[EventCountry "RUS"]
[SourceTitle "CBM 172 Extra"]
[Source "ChessBase"]
[SourceDate "2016.06.21"]
[SourceVersion "1"]
[SourceVersionDate "2016.06.21"]
[SourceQuality "1"]

1. e4 c5 2. Nf3 d6 3. d4 cxd4 4. Nxd4 Nf6 5. f3 a6 6. c4 e6 7. Nc3 Be7 8. Be3 h5 9. Be2 Nbd7 10. Qd2 Qc7 11. Rc1 b6 12. b4 Bb7 13. a3 Rc8 14. Nb3 Qb8 15. 0-0 0-0 16. Rfd1 Bc6 17. Rb1 Rfd8 18. a4 Ne5 19. a5 d5 20. Bxb6 dxe4 21. Bxd8 Rxd8 22. Qe3 exf3 23. gxf3 Rxd1+ 24. Nxd1 Bd6 25. b5 axb5 26. cxb5 Bd5 27. Nc3 Ng6 28. Qf2 Nf4 29. Bf1 Bc4 30. Kh1 Bxf1 31. Qxf1 Qc7 32. Rc1 Qb7 33. a6 Qb6 34. Na4 Qe3 35. Rc3 Qe5 36. a7 Nh3 37. a8Q+ Kh7 38. Rc2 1-0

[Event "Nezhmetdinov Memorial 38th"]
[Site "Kazan"]
[Date "2016.06.01"]
[Round "2"]
[White "Gismatullin, Sayar"]
[Black "Nikitenko, Mihail"]
[Result "0-1"]
[WhiteElo "1875"]
[BlackElo "2374"]
[PlyCount "106"]
[EventDate "2016.05.31"]
[EventType "swiss"]
[EventRounds "9"]
[EventCountry "RUS"]
[SourceTitle "CBM 172 Extra"]
[Source "ChessBase"]
[SourceDate "2016.06.21"]
[SourceVersion "1"]
[SourceVersionDate "2016.06.21"]
[SourceQuality "1"]

1. e4 c5 2. Nf3 d6 3. d4 cxd4 4. Nxd4 Nf6 5. Nc3 a6 6. Be2 e5 7. Nb3 Be7 8. 0-0 0-0 9. Be3 Be6 10. Kh1 Nbd7 11. f4 exf4 12. Bxf4 Ne5 13. Nd4 Rc8 14. Bd3 Qb6 15. Nb3 Qc7 16. Rc1 b5 17. Nd5 Nxd5 18. exd5 Bg4 19. Qe1 Nxd3 20. cxd3 Qd7 21. Qg3 Bh5 22. Nd4 Rxc1 23. Rxc1 Bf6 24. Bxd6 Re8 25. Nc6 h6 26. Rf1 Bg6 27. h3 Re2 28. Qf3 Rd2 29. Qf4 Bg5 30. Qe5 Bxd3 31. Nb8 Qc8 32. Re1 Bc4 33. Qe8+ Qxe8 34. Rxe8+ Kh7 35. Nd7 h5 36. Nb6 Bxa2 37. b4 Bxd5 38. Nxd5 Rxd5 39. Bg3 Rd1+ 40. Kh2 h4 41. Bc7 Rd4 42. Ra8 Rxb4 43. Rxa6 Bf4+ 44. Bxf4 Rxf4 45. Rb6 b4 46. g3 hxg3+ 47. Kxg3 g5 48. Kg2 f6 49. Kg3 Kg6 50. Rb5 Kf7 51. Rb6 Ke7 52. Kg2 Kd7 53. Kg3 Kc7 0-1